Radiographic atlas of skeletal development of the hand and wrist / (Record no. 1457)

MARC details
000 -LEADER
fixed length control field 00589nam a22001937a 4500
003 - CONTROL NUMBER IDENTIFIER
control field OSt
005 - DATE AND TIME OF LATEST TRANSACTION
control field 20150415125224.0
008 - FIXED-LENGTH DATA ELEMENTS--GENERAL INFORMATION
fixed length control field 150415b xxu||||| |||| 00| 0 eng d
040 ## - CATALOGING SOURCE
Transcribing agency DNLM
082 ## - DEWEY DECIMAL CLASSIFICATION NUMBER
Classification number WN 445 G869r 1959
100 ## - MAIN ENTRY--PERSONAL NAME
Personal name Gruelich William
9 (RLIN) 3841
245 ## - TITLE STATEMENT
Title Radiographic atlas of skeletal development of the hand and wrist /
Statement of responsibility, etc. William Walter Greulich, S. Idell Pyle
250 ## - EDITION STATEMENT
Edition statement 2nd ed.
260 ## - PUBLICATION, DISTRIBUTION, ETC. (IMPRINT)
Place of publication, distribution, etc. London :
Name of publisher, distributor, etc. Oxford University Press ;
Date of publication, distribution, etc. 1959.
300 ## - PHYSICAL DESCRIPTION
Extent xvi, 256 p :
Other physical details ill;
Dimensions 30 cm
650 ## - SUBJECT ADDED ENTRY--TOPICAL TERM
Topical term or geographic name as entry element Radiography
9 (RLIN) 3842
700 ## - ADDED ENTRY--PERSONAL NAME
Personal name Pyle S. Idell
9 (RLIN) 3843
942 ## - ADDED ENTRY ELEMENTS (KOHA)
Source of classification or shelving scheme Other/Generic Classification Scheme
Koha item type Short Loan
Holdings
Withdrawn status Lost status Source of classification or shelving scheme Damaged status Not for loan Home library Current library Date acquired Source of acquisition Inventory number Total Checkouts Full call number Barcode Date last seen Price effective from Koha item type
    Other/Generic Classification Scheme     MUST Main Library MUST Main Library 15/04/2015   2001/14342   WN 445 G869r 1959 2015-0973 15/04/2015 15/04/2015 Short Loan